| 000 | 00333nam a2200133Ia 4500 | ||
|---|---|---|---|
| 005 | 20260328104258.0 | ||
| 008 | 260328s9999||||xx |||||||||||||| ||und|| | ||
| 100 | _aBorges, Jorge Luis | ||
| 245 | 0 |
_aCuentos LatinoAmericanos / _cJorge Luis Borges |
|
| 260 | _bAlfaguara | ||
| 300 | _a135 p. | ||
| 650 | _aLATINOAMERICA | ||
| 942 | _cBK | ||
| 999 |
_c10522 _d10522 |
||